[Event "SRI-ch Dini"]
[Site "Colombo"]
[Date "2024.07.31"]
[Round "4"]
[White "Pinnagoda, PG Anuhas Suradunu"]
[Black "Peiris, TSS"]
[Result "0-1"]
[WhiteElo "1733"]
[BlackElo "1824"]
[PlyCount "181"]
[EventDate "2024.07.29"]
[EventType "swiss"]
[EventRounds "10"]
[EventCountry "SRI"]
[SourceTitle "CBM 221 Extra"]
[Source "ChessBase"]
[SourceDate "2024.09.30"]
[SourceVersion "1"]
[SourceVersionDate "2024.09.30"]
[SourceQuality "1"]

1. d4 e6 2. Nf3 f5 3. c3 Nf6 4. Bg5 Be7 5. Nbd2 Ne4 6. Bxe7 Qxe7 7. e3 b6 8. Bd3 Bb7 9. Qc2 Nxd2 10. Qxd2 d6 11. 0-0-0 Nd7 12. Qe2 Nf6 13. Ne1 a6 14. f3 d5 15. Rg1 c5 16. g4 g6 17. Ng2 fxg4 18. fxg4 e5 19. dxe5 Qxe5 20. Ne1 Qe6 21. h3 b5 22. Nf3 0-0-0 23. Kb1 Rhe8 24. Rge1 Ne4 25. Nd2 Rf8 26. Bxe4 dxe4 27. Rf1 Rxf1 28. Rxf1 Bd5 29. b3 Qe5 30. c4 Bc6 31. cxb5 axb5 32. Rc1 Kc7 33. Qe1 Kb6 34. Nf1 Kb7 35. Rd1 Rd3 36. Rxd3 exd3 37. Nd2 Qh2 38. a4 Qxh3 39. a5 Ka6 40. g5 Qg2 41. e4 Qxg5 42. b4 Qe5 43. Nb3 d2 44. Qxd2 Bxe4+ 45. Kc1 cxb4 46. Qxb4 Bc6 47. Nc5+ Ka7 48. Nd3 Qe4 49. Qc5+ Ka8 50. Nb4 Qe1+ 51. Kb2 Qe2+ 52. Kc1 Qf1+ 53. Kb2 Bb7 54. a6 Qf6+ 55. Kc1 Bxa6 56. Nc6 Qf4+ 57. Kb2 Qc7 58. Qf8+ Kb7 59. Nb4 Qe5+ 60. Kb3 Qe3+ 61. Kb2 Qe2+ 62. Kb1 Qe6 63. Qg7+ Kb6 64. Qd4+ Ka5 65. Nc2 Qb3+ 66. Kc1 Qc4 67. Qd8+ Ka4 68. Qd6 b4 69. Kb2 Bc8 70. Qb6 Qc3+ 71. Kb1 Kb3 72. Na1+ Kc4 73. Qc6+ Kd3 74. Qd5+ Ke3 75. Nc2+ Kf4 76. Qd6+ Kg4 77. Qd1+ Kg5 78. Qd8+ Kh5 79. Qd1+ Bg4 80. Qh1+ Qh3 81. Qd5+ Bf5 82. Qd1+ Qg4 83. Qh1+ Kg5 84. Qc1+ Kf6 85. Qb2+ Kf7 86. Qa2+ Kg7 87. Qb2+ Kh6 88. Qc1+ g5 89. Qh1+ Qh3 90. Qc6+ Bg6 91. Qa4 0-1